Petit Bac: Les Pokémon de type Feu - Statistiques

Statistiques générales
  • Ce quiz a été pris 858 fois
    628 depuis la dernière actualisation
  • Le résultat moyen est 14 sur 19
Statistiques - réponses
Lettre Pokémon % Correct
S Salamèche / Scolocendre / Scovilain / Simiabraz / Sulfura
97%
D Darumacho / Darumarond / Démolosse / Dracaufeu
96%
G Galifeu / Galopa / Grillepattes /Grotichon / Groudon / Gruikui / Goupelin / Goupix
93%
R Reptincel / Reshiram / Roitiflam / Roussil
93%
F Félinferno / Feu-Perçant / Feunard / Feunnec / Feurisson / Flamajou / Flambino / Flambusard / Flamiaou / Flamigator / Flamoutan / Funécire
92%
P Pierroteknik / Plumeline / Ponyta / Poussifeu / Pyroli / Pyrax / Pyrobut / Pyronille
91%
C Camérupt / Caninos / Carmadura / Chamallot / Charbambin / Chartor / Chimpenfeu / Chochodil / Crocrogril
89%
H Heatran / Hélionceau / Héricendre / Ho-oh
88%
M Maganon / Magby / Magmar / Malamandre / Malosse / Malvalame / Matoufeu / Mélancolux / Mite-de-Fer / Monthracite / Morphéo / Motisma
86%
A Aflamanoir / Arcanin
84%
B Boumata / Braisillon / Braségali
79%
T Tauros / Tritox / Typhlosion
73%
O Ogerpon / Ossatueur / Ouisticram
71%
L Lapyro / Limagma / Lugulabre
69%
V Victini / Volcanion / Volcaropod
66%
E Entei
47%
W Wagomine
47%
N Némélios
43%
Y Yuyu
29%
Aucun quiz correspondant
Distribution des résultats
% des personnes avec chaque résultat
Percentile par nombre de réponses
Votre historique - résultats
Vous n’avez pas pris ce quiz depuis la dernière actualisation